The shilappadikaram (Record no. 1247219)

MARC details
000 -LEADER
fixed length control field 00449nam a2200193Ia 4500
008 - FIXED-LENGTH DATA ELEMENTS--GENERAL INFORMATION
fixed length control field 151121s9999||||xx |||||||||||||| ||und||
082 ## - DEWEY DECIMAL CLASSIFICATION NUMBER
Classification number 821/Adi
082 ## - DEWEY DECIMAL CLASSIFICATION NUMBER
Item number HNW-65714
100 ## - MAIN ENTRY--PERSONAL NAME
Personal name Adigal Ilango
245 #4 - TITLE STATEMENT
Title The shilappadikaram
260 ## - PUBLICATION, DISTRIBUTION, ETC. (IMPRINT)
Name of publisher, distributor, etc Penguin Book
260 ## - PUBLICATION, DISTRIBUTION, ETC. (IMPRINT)
Date of publication, distribution, etc --
300 ## - PHYSICAL DESCRIPTION
Extent 211
600 ## - SUBJECT ADDED ENTRY--PERSONAL NAME
Personal name Adigal Ilango
630 ## - SUBJECT ADDED ENTRY--UNIFORM TITLE
Uniform title The shilappadikaram
700 ## - ADDED ENTRY--PERSONAL NAME
Personal name Adigal Ilango
730 ## - ADDED ENTRY--UNIFORM TITLE
Uniform title The shilappadikaram
942 ## - ADDED ENTRY ELEMENTS (KOHA)
Koha item type Book
Holdings
Withdrawn status Lost status Damaged status Not for loan Home library Current library Date acquired Cost, normal purchase price Total Checkouts Full call number Barcode Date last seen Cost, replacement price Price effective from Koha item type
        Hirachand Nemchand Wachanalaya, Solapur Hirachand Nemchand Wachanalaya, Solapur 11/21/2015 85.00   HNW-65714 HNW-65714 11/21/2015 85.00 11/21/2015 Book